AH International Schools' Libraries

Be kind / (Record no. 49531)

MARC details
000 -LEADER
fixed length control field 00293nam a2200109 4500
020 ## - INTERNATIONAL STANDARD BOOK NUMBER
International Standard Book Number 9780008471323
100 ## - MAIN ENTRY--PERSONAL NAME
Personal name Nixon, Roxie
9 (RLIN) 86671
245 ## - TITLE STATEMENT
Title Be kind /
Statement of responsibility, etc Rosie Nixon & Jakki Jones
260 ## - PUBLICATION, DISTRIBUTION, ETC. (IMPRINT)
Place of publication, distribution, etc Great Britain
Name of publisher, distributor, etc HarperCollins
Date of publication, distribution, etc 2021
300 ## - PHYSICAL DESCRIPTION
Extent 160 p.
Other physical details col. ill.
Dimensions 16 cm.
942 ## - ADDED ENTRY ELEMENTS (KOHA)
Source of classification or shelving scheme
Koha item type Book
Holdings
Withdrawn status Lost status Source of classification or shelving scheme Damaged status Not for loan Collection code Home library Current library Shelving location Date acquired Total Checkouts Full call number Barcode Date last seen Date checked out Price effective from Koha item type
          TEACHERS' RESOURCES Asian Hope Primary Library Asian Hope Primary Library Non Fiction 09/08/2025 1 177.7 NIX 208851 03/06/2026 01/08/2026 09/08/2025 Book

For any Logos Library related questions please contact Miss Art at swongnarasuk@asianhope.org.

For any Asian Hope Library related questions please contact Miss Raza at graza@asianhope.org.

Powered by Koha